Costa Rica: situación actual y perspectivas del desarrollo rural /
Guardado en:
| Hovedforfatter: | |
|---|---|
| Format: | Bog |
| Sprog: | Spanish |
| Tags: |
Tilføj Tag
Ingen Tags, Vær først til at tagge denne postø!
|
MARC
| LEADER | 00000nam a22000007a 4500 | ||
|---|---|---|---|
| 003 | cru CIDCACS/IIS | ||
| 005 | 20190116143218.0 | ||
| 007 | ta | ||
| 008 | 190116n cr |||p|r||||||0| ||spa|d | ||
| 999 | |c 42048 |d 42048 | ||
| 040 | |c cru CIDCACS/IIS | ||
| 100 | 1 | |9 8206 |a Fallas Venegas, Helio | |
| 245 | 1 | |a Costa Rica: |b situación actual y perspectivas del desarrollo rural / |c Helio Fallas | |
| 300 | |a 29 páginas | ||
| 942 | |2 ddc |c PP | ||
| 773 | 0 | |0 42044 |9 2602 |a Universidad Nacional de Costa Rica |d Heredia, Costa Rica: Editorial Fundación UNA, |o 18802 |t Serie Política Económica / | |
